00227nam a2200097Ia 4500008004100000100001800041245002500059260002400084260000900108546001200117170619s9999 xx 000 0 und d aHaykin- Simon 0aCommunication System bJohn Wiely and Sons c2001 aENGLISH